|
|
|
|
| LEADER |
00000ny a22000003n 4500 |
| 003 |
CaPaEBR |
| 005 |
2011062307397.0 |
| 006 |
m u |
| 007 |
cr cn||||||||| |
| 008 |
200806r20072008sp |||||s|||||||||||spa d |
| 020 |
|
|
|a 9788498490848
|
| 035 |
|
|
|a 2305
|
| 040 |
|
|
|a FlNmELB
|c FlNmELB
|d vlex
|
| 050 |
1 |
4 |
|a HC390.I5
|b D582 2007eb
|
| 080 |
|
|
|a 342.724
|
| 090 |
|
|
|c 1210
|d 1210
|
| 100 |
1 |
|
|a Přez Luño, Antonio Enrique
|
| 245 |
1 |
0 |
|a Dimensiones de la igualdad
|h [Recurso electrn̤ico]
|c Antonio Enrique Přez Luño, editor Rafael Gonzl̀ez-Tablas Sastre
|
| 250 |
|
|
|a 2da. ed
|
| 256 |
|
|
|a Servicio en ln̕ea
|
| 260 |
|
|
|a Madrid :
|b Dykinson,
|c 2007
|
| 300 |
|
|
|a [9]-135 p
|
| 506 |
1 |
|
|a Contenido solo disponible en los productos indicados
|d vLex Global
|d vLex Global (Academic Edition, excluding Law Schools)
|d vLex Global (U.S. Academic Edition, Law Schools)
|d vLex Global (U.S. Academic Edition, excluding Law Schools)
|d vLex Global (Academic Edition, Law Schools)
|
| 650 |
0 |
7 |
|a Constitucional
|2 Tesauro vLex
|
| 650 |
0 |
7 |
|a Derecho a la igualdad
|2 Tesauro vLex
|
| 700 |
1 |
|
|a Gonzl̀ez-Tablas Sastre, Rafael,
|e ed
|
| 740 |
0 |
|
|a vLex Libros (Servicios en ln̕ea)
|
| 856 |
4 |
0 |
|z Acceso restringido
|u http://vlex.com/source/2305
|
| 942 |
|
|
|c BOOK
|